Một số tục làm mụ của người Mường vùng Mường Lang (Phù Yên - Sơn La) : (Sưu tầm, nghiên cứu)
Nội dung sách giới thiệu về tục làm mụ vàng vèo xanh xao, tục làm mụ dạo ngang đường, tục làm lễ trốn đống ma, tục bói ma bằng ngọn rơm. Tục làm lễ mụ quan sát và mụ sinh đức sinh tính.
Enregistré dans:
| Auteur principal: | |
|---|---|
| Format: | Livre |
| Langue: | Undetermined |
| Publié: |
Hà Nội
Hội nhà văn
2017
|
| Sujets: | |
| Tags: |
Ajouter un tag
Pas de tags, Soyez le premier à ajouter un tag!
|
| Thư viện lưu trữ: | Trung tâm Học liệu Trường Đại học Cần Thơ |
|---|
| LEADER | 01036nam a2200217Ia 4500 | ||
|---|---|---|---|
| 001 | CTU_226761 | ||
| 008 | 210402s9999 xx 000 0 und d | ||
| 082 | |a 392.1209597 | ||
| 082 | |b D551/T.2 | ||
| 100 | |a Lò, Xuân Dừa | ||
| 245 | 0 | |a Một số tục làm mụ của người Mường vùng Mường Lang (Phù Yên - Sơn La) : | |
| 245 | 0 | |b (Sưu tầm, nghiên cứu) | |
| 245 | 0 | |c Lò Xuân Dừa, Trần Văn Phấn (chủ biên) | |
| 260 | |a Hà Nội | ||
| 260 | |b Hội nhà văn | ||
| 260 | |c 2017 | ||
| 520 | |a Nội dung sách giới thiệu về tục làm mụ vàng vèo xanh xao, tục làm mụ dạo ngang đường, tục làm lễ trốn đống ma, tục bói ma bằng ngọn rơm. Tục làm lễ mụ quan sát và mụ sinh đức sinh tính. | ||
| 650 | |a Phong tục tập quán,Manners and customs | ||
| 650 | |z Việt Nam,Vietnam | ||
| 910 | |b dqhieu | ||
| 980 | |a Trung tâm Học liệu Trường Đại học Cần Thơ | ||